000 03529nam a22004097a 4500
005 20100920123934.0
010 _aENG-101492 B-427602-615
020 _a9788120341616
_c225.00
035 _aEN-85025 B-427602-615
037 _bDBAD / PUB
037 _bAllied Pub/Ven
082 _a005.1068
100 _aSudhakar,G.P.
_927918
245 _aElements of software project management /
_cby G.P.Sudhakar
260 _bPrentice Hall of India
_c2010
_aNew Delhi
270 _aM-97, Connaught Circus
_e110001
300 _axix,237p.
_c24cm (pbk)
500 _aIncludes bibliographical references and index
700 _aAbbasi,S.A.
_920777
942 _adpl
_cEN
_2ddc
_mSUD
_h005.1068
999 _c46982
_d46982